Vyvolať rozruch prináša úspech

Úlohou novodobej reklamy už nie je vyberať si spotrebiteľov, ktorých chce osloviť. Voľba je na samotnom spotrebiteľovi. On rozhoduje, ktorej reklame a ktorej značke dovolí, aby si ho podmanila. Ľudia sú na internete poprepájaní ako pavučina a sami rozhodujú o tom, čo budú sledovať a čo nie. Toto vyu...

Ausführliche Beschreibung

Gespeichert in:
Bibliographische Detailangaben
1. Verfasser: Švorcová, Petra
Format: Buchkapitel
Sprache:Slowakisch
Schlagworte:
Tags: Tag hinzufügen
Keine Tags, Fügen Sie das erste Tag hinzu!

MARC

LEADER 00000naa a2200000 4500
001 0135609
005 20231113071238.9
041 0 |a slo 
044 |a SK 
245 1 0 |a Vyvolať rozruch prináša úspech  |c Petra Švorcová 
520 |a Úlohou novodobej reklamy už nie je vyberať si spotrebiteľov, ktorých chce osloviť. Voľba je na samotnom spotrebiteľovi. On rozhoduje, ktorej reklame a ktorej značke dovolí, aby si ho podmanila. Ľudia sú na internete poprepájaní ako pavučina a sami rozhodujú o tom, čo budú sledovať a čo nie. Toto využíva virálny marketing vo svoj prospech. 
610 2 0 |a marketing 
610 2 0 |a internet 
610 2 0 |a siete sociálne 
610 2 0 |a reklama 
610 2 0 |a spotrebitelia 
610 2 0 |a emócie 
610 2 0 |a kampane reklamné 
100 1 |a Švorcová, Petra